Statistics for Penguin Species

Click here to take the quiz!

General Stats

  • This quiz has been taken 74 times
  • The average score is 11 of 20

Answer Stats

FamilyGenusSpeciesAnswer% Correct
ForsteriEmperor penguin
98%
SpheniscidaeAptenodytesPatagonicusKing penguin
93%
EudyptulaMinorLittle blue penguin
81%
DemersusAfrican penguin
78%
ChrysolophusMacaroni penguin
78%
PygoscelisAdeliaeAdélie penguin
76%
HumboldtiHumboldt penguin
72%
MendiculusGalapagos penguin
69%
PapuaGentoo penguin
65%
AntarcticaChinstrap penguin
59%
SpheniscusMagellanicusMagellanic penguin
52%
ChrysocomeSouthern rockhopper penguin
46%
MoseleyiNorthern rockhopper penguin
41%
MegadyptesAntipodesYellow-eyed penguin
41%
SchlegeliRoyal penguin
31%
SclateriErect-crested penguin
28%
FilholiEastern rockhopper penguin
22%
EudyptesPachyrynchusFiordland penguin
22%
RobustusSnares penguin
20%
NovaehollandiaeAustralian little penguin
13%

Score Distribution

Percentile by Number Answered

Percent of People with Each Score

Your Score History

You have not taken this quiz